| 000 | 01043nam a2200349Ia 4500 | ||
|---|---|---|---|
| 003 | OSt | ||
| 005 | 20220912151134.0 | ||
| 006 | a|||||r|||| 00| 0 | ||
| 007 | ta | ||
| 008 | 220909b |||||||| |||| 00| 0 eng d | ||
| 020 | _a3540590013 (Berlin:pbk) | ||
| 024 | _a4062 | ||
| 037 | _bNarosa, | ||
| 037 | _cTextual | ||
| 040 |
_aCSL _beng _cCSL |
||
| 041 | _aeng | ||
| 082 | _aB6:3M5, N5 | ||
| 100 | _aBerndt Jurgen | ||
| 245 | 0 | _aGeneralized Heisenberg groups and Damek-Ricci harmonic spaces | |
| 260 |
_aBerlin _bSpringer-Verlag _c1995 |
||
| 300 | _aviii,125p | ||
| 490 | _aLectures notes in Mathematics; 1598 | ||
| 500 | _aBibliography 115-122p; Index 123-125p; ^n23/CSL/B/96-97/3445^b1996-08-29^mPurchase | ||
| 650 | _a Differential | ||
| 650 | _a Geometry | ||
| 650 | _a Riemannian | ||
| 650 | _aMathematics | ||
| 700 | _a Tricerri Franco | ||
| 700 | _a Vanhecke Lieven | ||
| 942 |
_hB6:3M5, N5 _cTEXL _2CC |
||
| 999 |
_c62106 _d62106 |
||